[Event "Xtracon Chess Open 2018"]
[Site "Elsinore"]
[Date "2018.07.25"]
[Round "6"]
[White "Petersen, Jan"]
[Black "Schrodt, Sebastian"]
[Result "0-1"]
[WhiteElo "1647"]
[BlackElo "1955"]
[EventDate "2018.07.21"]
[WhiteFideId "1426320"]
[BlackFideId "24675563"]

1.d4 Nf6 2.Nf3 c5 3.c3 g6 4.h3 Bg7 5.Bf4 b6 6.Nbd2 Bb7 7.e3 O-O 8.Be2 d6 
9.O-O Nbd7 10.Qa4 Qc7 11.Rac1 Rfe8 12.Rfd1 Rac8 13.Nb3 Bc6 14.Bb5 Bxb5 15.
Qxb5 a6 16.Qf1 c4 17.Nbd2 b5 18.a4 e5 19.Bh2 Nb6 20.axb5 axb5 21.Ra1 Na4 
22.Ra2 Nd5 23.Nb1 Qc6 24.e4 Nf4 25.d5 Qd7 26.Bxf4 exf4 27.Nbd2 Bxc3 28.
Rxa4 Bxd2 29.Ra2 Bb4 30.Qe2 f5 31.Ng5 fxe4 32.Ne6 Rxe6 33.dxe6 Qxe6 34.
Rda1 Rf8 35.Ra7 Bc5 36.Rb7 f3 37.Qd2 e3 38.Qc3 exf2+ 39.Kh1 f1=Q+ 40.Rxf1 
fxg2+ 41.Kh2 gxf1=N+ 42.Kg2 Rf2+ 43.Kg1 Rh2+ 0-1

[Event "Xtracon Chess Open 2018"]
[Site "Elsinore"]
[Date "2018.07.25"]
[Round "6"]
[White "Jorgensen, Orla Eilegaard"]
[Black "Christensen, Verner"]
[Result "1/2-1/2"]
[WhiteElo "1639"]
[BlackElo "1886"]
[EventDate "2018.07.21"]
[WhiteFideId "1413368"]
[BlackFideId "1416006"]

1.e4 e5 2.Nc3 Nf6 3.Bc4 Nxe4 4.Qh5 Nd6 5.Qxe5+ Qe7 6.Qxe7+ Bxe7 7.Bb3 O-O 
8.Nf3 Nc6 9.O-O a5 10.a4 Nf5 11.Nd5 Bd8 12.c3 Nce7 13.Nxe7+ Nxe7 14.Re1 d5
15.d4 c6 16.Bf4 Bg4 17.Ne5 Be6 18.Bc2 Ng6 19.Nxg6 hxg6 20.Re3 g5 21.Bd6 
Re8 22.Rae1 Bb6 23.Bf5 Red8 24.Bxe6 Rxd6 25.Bg4 Bd8 26.Re8+ Kh7 27.Bf5+ g6
28.Bd3 Kg7 29.g4 b6 30.Kg2 Ra7 31.h3 Rad7 1/2-1/2

[Event "Xtracon Chess Open 2018"]
[Site "Elsinore"]
[Date "2018.07.25"]
[Round "6"]
[White "Agustsson, Hafsteinn"]
[Black "Knudsen, Jan"]
[Result "1-0"]
[WhiteElo "1844"]
[BlackElo "1659"]
[EventDate "2018.07.21"]
[WhiteFideId "2302047"]
[BlackFideId "1460803"]

1.e4 c5 2.Nf3 d6 3.d4 cxd4 4.Nxd4 Nf6 5.Nc3 a6 6.Bg5 Qa5 7.Qd2 h6 8.Bxf6 
gxf6 9.Be2 h5 10.f4 Bh6 11.O-O-O e5 12.Nb3 Qb6 13.Nd5 Qd8 14.Bxh5 Be6 15.
Kb1 Bxd5 16.Qxd5 Qe7 17.fxe5 dxe5 18.Bxf7+ Kf8 19.Bg6 Nc6 20.Nc5 Kg7 21.
Bf5 Be3 22.Ne6+ Kh6 23.Qd3 Nd4 24.Qxe3+ Kh5 25.Qh3# 1-0

[Event "Xtracon Chess Open 2018"]
[Site "Elsinore"]
[Date "2018.07.25"]
[Round "6"]
[White "Kallenbach, Olav"]
[Black "Shehzad, Alisha"]
[Result "1-0"]
[WhiteElo "1838"]
[BlackElo "1650"]
[EventDate "2018.07.21"]
[WhiteFideId "1414852"]
[BlackFideId "1521926"]

1.e4 c5 2.Nf3 e6 3.d4 cxd4 4.Nxd4 Nc6 5.Be3 a6 6.Be2 Nf6 7.Nc3 Qc7 8.O-O 
Bb4 9.Nxc6 bxc6 10.a3 Bxc3 11.bxc3 Nxe4 12.Qd4 Nf6 13.Bf4 Qa5 14.Bd6 Qd5 
15.Qf4 Ne4 16.Bb4 Qf5 17.Qe3 d5 18.f3 Nf6 19.Qc5 Ra7 20.Qxa7 Nd7 21.Qc7 c5
22.Qxc8+ Ke7 23.Qxh8 cxb4 24.Bd3 1-0

[Event "Xtracon Chess Open 2018"]
[Site "Elsinore"]
[Date "2018.07.25"]
[Round "6"]
[White "Syndergaard, Stig"]
[Black "Kreken, Eivind Grunt"]
[Result "0-1"]
[WhiteElo "1830"]
[BlackElo "1626"]
[EventDate "2018.07.21"]
[WhiteFideId "1432435"]
[BlackFideId "1532359"]

1.Nf3 d5 2.c4 c6 3.b3 Nf6 4.g3 Bf5 5.Bg2 e6 6.O-O Nbd7 7.Bb2 h6 8.d3 Be7 
9.Nbd2 O-O 10.Re1 Bh7 11.Qc2 Qb6 12.e4 Bc5 13.d4 Bb4 14.Ne5 Nxe5 15.dxe5 
Nxe4 16.Bxe4 Bxe4 17.Nxe4 Bxe1 18.Nf6+ gxf6 19.Rxe1 f5 20.g4 Qd8 21.Bc1 
Qh4 22.Kh1 fxg4 23.Rg1 Kh8 24.Qd2 Rg8 25.Qf4 Qh5 26.cxd5 cxd5 27.Qf6+ Kh7 
28.Bf4 Qg6 29.Bg3 Qxf6 30.exf6 Rac8 31.Re1 Rc2 32.a4 Rgc8 33.Re5 Kg6 34.
Bh4 R2c3 35.b4 R3c4 36.Re3 Rxb4 37.f3 gxf3 38.Rxf3 Rxh4 0-1

[Event "Xtracon Chess Open 2018"]
[Site "Elsinore"]
[Date "2018.07.25"]
[Round "6"]
[White "Tonnesen, Jan Ryder"]
[Black "Kristian, Pade Frederiksen"]
[Result "0-1"]
[WhiteElo "1604"]
[BlackElo "1808"]
[EventDate "2018.07.21"]
[WhiteFideId "1461869"]
[BlackFideId "1435205"]

1.e4 e5 2.Nf3 Nc6 3.Bc4 Nf6 4.Nc3 Nxe4 5.Nxe4 d5 6.Bxd5 Qxd5 7.Nc3 Qa5 8.
h3 Bb4 9.a3 O-O 10.Rb1 Bd6 11.Ne4 Be7 12.b4 Qd5 13.Nc3 Qd6 14.O-O Qg6 15.
Kh1 Bf5 16.d3 Qd6 17.Bg5 f6 18.Be3 b6 19.Ne4 Qd7 20.Kh2 a5 21.c3 axb4 22.
axb4 Rfd8 23.g4 Bg6 24.Ne1 Bxe4 0-1

[Event "Xtracon Chess Open 2018"]
[Site "Elsinore"]
[Date "2018.07.25"]
[Round "6"]
[White "Knudsen, Martin Mosgaard"]
[Black "Stochkel, Casper"]
[Result "1/2-1/2"]
[WhiteElo "1590"]
[BlackElo "1784"]
[EventDate "2018.07.21"]
[WhiteFideId "1436937"]
[BlackFideId "1426702"]

1.d4 Nf6 2.Bf4 e6 3.e3 b6 4.Nf3 Bb7 5.Nbd2 d5 6.c3 Be7 7.Bd3 O-O 8.Qc2 c5 
9.Qb1 Ba6 10.Ne5 Bxd3 11.Qxd3 Bd6 12.Bg5 h6 13.Bh4 Nbd7 14.Nxd7 Qxd7 15.
Bxf6 gxf6 16.f4 cxd4 17.cxd4 Rac8 18.O-O f5 19.Nf3 f6 20.Nh4 Kf7 21.Qe2 
Qe8 22.Qh5+ Kg7 23.Qe2 Kf7 1/2-1/2

[Event "Xtracon Chess Open 2018"]
[Site "Elsinore"]
[Date "2018.07.25"]
[Round "6"]
[White "Nord, Alexander"]
[Black "Lalla, Karol"]
[Result "1-0"]
[WhiteElo "1763"]
[BlackElo "1580"]
[EventDate "2018.07.21"]
[WhiteFideId "1738135"]
[BlackFideId "12947407"]

1.e4 d5 2.exd5 Nf6 3.d4 c6 4.dxc6 Nxc6 5.Bb5 e5 6.dxe5 Qxd1+ 7.Kxd1 Bg4+ 
8.f3 O-O-O+ 9.Bd3 Nxe5 10.fxg4 Nfxg4 11.Nh3 Bc5 12.Bf4 Nxd3 13.cxd3 Rxd3+ 
14.Kc2 Rhd8 15.Nc3 Ne3+ 16.Bxe3 Bxe3 17.Rad1 Rd2+ 18.Rxd2 Rxd2+ 19.Kb3 
Rxg2 20.Re1 Bd2 21.Re2 Rxe2 22.Nxe2 Be3 23.Kc4 a5 24.Kd3 Bc5 25.Ng3 f6 26.
Nf4 Bg1 27.h3 Bh2 28.Nfe2 g6 29.Ke3 h5 30.h4 g5 31.hxg5 fxg5 32.Nxh5 Be5 
33.b3 g4 34.Ke4 Bd6 35.Kf5 b5 36.Kxg4 a4 37.Kf3 axb3 38.axb3 Kc7 39.Ke3 
Kb6 40.Kd3 Ka5 41.Nhf4 Kb4 42.Kc2 Ka5 43.Ne6 Kb4 44.N2d4 Ka5 45.Ne2 Kb4 
46.N6d4 Ka5 47.Nc3 b4 48.Nd5 Bf8 49.Kd3 Bd6 50.Kc4 Bf8 51.Nf5 Ka6 52.Nf6 
1-0

[Event "Xtracon Chess Open 2018"]
[Site "Elsinore"]
[Date "2018.07.25"]
[Round "6"]
[White "Larsen, Arne Walther"]
[Black "Gaure, Sigurd Lauvas"]
[Result "0-1"]
[WhiteElo "1750"]
[BlackElo "1535"]
[EventDate "2018.07.21"]
[WhiteFideId "1411357"]
[BlackFideId "1524933"]

1.c4 e5 2.Nc3 Nf6 3.g3 d5 4.cxd5 Nxd5 5.Bg2 Be6 6.Nf3 Nc6 7.d3 f6 8.O-O 
Qd7 9.a3 Bc5 10.Bd2 O-O-O 11.Rb1 g5 12.Na4 Bb6 13.b4 h5 14.Nc5 Bxc5 15.
bxc5 h4 16.Qb3 b6 17.Qa4 hxg3 18.fxg3 Bh3 19.cxb6 Nxb6 20.Rxb6 cxb6 21.Rc1
Bxg2 22.Kxg2 Kb7 0-1

[Event "Xtracon Chess Open 2018"]
[Site "Elsinore"]
[Date "2018.07.25"]
[Round "6"]
[White "Hina, Ariza"]
[Black "Lindgaard, Tobias Simon"]
[Result "0-1"]
[WhiteElo "1483"]
[BlackElo "1746"]
[EventDate "2018.07.21"]
[WhiteFideId "1525441"]
[BlackFideId "1419820"]

1.e4 Nc6 2.Nc3 e6 3.d4 d5 4.e5 f6 5.Nf3 fxe5 6.dxe5 g6 7.Bg5 Qd7 8.Bb5 Bg7
9.O-O a6 10.Bxc6 bxc6 11.Qd2 c5 12.Rad1 Bb7 13.Rfe1 h6 14.Bh4 g5 15.Bg3 
O-O-O 16.h4 g4 17.Nh2 h5 18.Qg5 Qf7 19.Qf4 Nh6 20.Qxf7 Nxf7 21.f3 Nh6 22.
Na4 Nf5 23.Bf4 gxf3 24.Nxc5 Rde8 25.Nxb7 Kxb7 26.Nxf3 Bh6 27.Bxh6 Rxh6 28.
Kh2 Rg6 29.Rg1 Reg8 30.Rd2 Rg4 31.Kh3 Re4 32.g3 c5 33.Rdg2 Kc6 34.g4 Ne3 
35.Ng5 Nxg2 36.Nxe4 Nf4+ 0-1

[Event "Xtracon Chess Open 2018"]
[Site "Elsinore"]
[Date "2018.07.25"]
[Round "6"]
[White "Joensen, Sigurd"]
[Black "Wiberg, Jonas"]
[Result "1/2-1/2"]
[WhiteElo "1515"]
[BlackElo "1715"]
[EventDate "2018.07.21"]
[WhiteFideId "7200935"]
[BlackFideId "1720090"]

1.e4 c6 2.d3 d5 3.e5 Bf5 4.f4 h6 5.Be2 e6 6.Nf3 Ne7 7.d4 Qb6 8.c3 Nd7 9.b4
Nc8 10.a4 a5 11.b5 c5 12.Be3 Qc7 13.O-O Be7 14.h3 Ncb6 15.Nbd2 O-O 16.g4 
Bh7 17.Qe1 cxd4 18.cxd4 Rfc8 19.g5 h5 20.Nh4 g6 21.Bd3 Nf8 22.Qb1 Bb4 23.
Nb3 Qd8 24.Rc1 Rxc1+ 25.Qxc1 Rc8 26.Nc5 Rc7 27.Bd2 Bxd2 28.Qxd2 Nc4 29.
Bxc4 dxc4 30.Nf3 b6 31.Ne4 Qa8 32.Nf6+ Kh8 33.Qc3 1/2-1/2

[Event "Xtracon Chess Open 2018"]
[Site "Elsinore"]
[Date "2018.07.25"]
[Round "6"]
[White "Lye, Sverre"]
[Black "Rasmussen, Henning"]
[Result "1/2-1/2"]
[WhiteElo "1405"]
[BlackElo "1682"]
[EventDate "2018.07.21"]
[WhiteFideId "1539353"]
[BlackFideId "1410962"]

1.e4 e6 2.d4 d5 3.exd5 exd5 4.Nf3 Bd6 5.Bd3 Ne7 6.O-O O-O 7.c3 Bf5 8.Bg5 
f6 9.Bh4 Qd7 10.Bg3 Bxd3 11.Qxd3 Nf5 12.Nbd2 Na6 13.Bxd6 Nxd6 14.c4 dxc4 
15.Nxc4 Nxc4 16.Qxc4+ Qf7 17.b3 c6 18.Rfe1 Rfe8 19.a3 Nc7 20.Rad1 Nd5 21.
Nd2 Rxe1+ 22.Rxe1 Re8 23.Rxe8+ Qxe8 24.Kf1 g6 25.Qe2 Qxe2+ 26.Kxe2 Kf8 27.
Ne4 b6 28.g3 Ke7 29.Kd3 Ke6 30.Kc4 Nc7 31.Kd3 Nd5 1/2-1/2

[Event "Xtracon Chess Open 2018"]
[Site "Elsinore"]
[Date "2018.07.25"]
[Round "6"]
[White "Larsen, Hans Haagen"]
[Black "Stromhaug, Kristoffer Wang"]
[Result "1-0"]
[WhiteElo "1679"]
[BlackElo "1502"]
[EventDate "2018.07.21"]
[WhiteFideId "1409557"]
[BlackFideId "1533401"]

1.d4 Nf6 2.Bf4 g6 3.Nf3 Bg7 4.e3 O-O 5.Be2 d6 6.h3 c5 7.c3 a6 8.Nbd2 b5 9.
a4 bxa4 10.Qxa4 Bd7 11.Qa3 cxd4 12.exd4 Qc7 13.O-O Nd5 14.Bh2 e5 15.c4 Ne7
16.c5 dxc5 17.dxe5 Be6 18.Bc4 Bxc4 19.Nxc4 Nd7 20.e6 Qb7 21.exd7 Qb5 22.
Qa5 Qb7 23.Rfe1 1-0

[Event "Xtracon Chess Open 2018"]
[Site "Elsinore"]
[Date "2018.07.25"]
[Round "6"]
[White "Nielsen, Jorgen Kamp"]
[Black "Hjornevik, Oyvind"]
[Result "1-0"]
[WhiteElo "1674"]
[BlackElo "1414"]
[EventDate "2018.07.21"]
[WhiteFideId "1413279"]
[BlackFideId "1516159"]

1.e4 e5 2.f4 d6 3.Bc4 Nc6 4.Ne2 Nf6 5.Nbc3 exf4 6.O-O Bg4 7.Rxf4 Nd4 8.h3 
Bh5 9.g4 Nxe2+ 10.Qxe2 Bg6 11.h4 h5 12.g5 Ng4 13.d4 c6 14.Qf1 Qc7 15.Bd2 
Be7 16.Bxf7+ Bxf7 17.Rxf7 d5 18.e5 c5 19.Nxd5 1-0

[Event "Xtracon Chess Open 2018"]
[Site "Elsinore"]
[Date "2018.07.25"]
[Round "6"]
[White "Warston, Hakan"]
[Black "Fjallheim, Benjamin Reinert"]
[Result "1/2-1/2"]
[WhiteElo "1662"]
[BlackElo "1375"]
[EventDate "2018.07.21"]
[WhiteFideId "1717367"]
[BlackFideId "7202008"]

1.d4 Nf6 2.c4 g6 3.Nc3 Bg7 4.e4 d6 5.Be2 O-O 6.Nf3 e5 7.O-O Nfd7 8.d5 a5 
9.Be3 f5 10.Ng5 Nf6 11.f3 f4 12.Bf2 h6 13.Ne6 Bxe6 14.dxe6 Re8 15.Nd5 Rxe6
16.Nxf6+ Qxf6 17.c5 Kh7 18.Qb3 Nd7 19.Qxb7 Rb8 20.Qxc7 Rxb2 21.Bc4 Nxc5 
22.Bxc5 dxc5 23.Qc8 Rbb6 24.Bxe6 Qxe6 25.Qxc5 a4 26.Rfc1 Qd6 27.Qxd6 Rxd6 
28.Rc2 Kg8 29.Rb1 Bf8 30.Rb5 Re6 31.Kf1 Kf7 32.Ke2 g5 33.h3 h5 34.Rd5 Be7 
35.Kd3 h4 36.Rc4 a3 37.Rb5 Kg7 38.Kc2 Kf7 39.Kb3 Rd6 40.Kc2 Re6 41.Rb7 Rd6
42.Rcc7 Re6 43.Rxe7+ Rxe7 44.Rxe7+ Kxe7 45.Kb3 Kd6 46.Kxa3 Kc5 47.Kb3 Kd4 
48.a4 Ke3 49.a5 Kf2 50.a6 Kxg2 51.a7 g4 52.a8=Q gxf3 53.Qg8+ Kh2 54.Qg4 f2
55.Qf3 Kg1 56.Qg4+ Kh2 1/2-1/2

[Event "Xtracon Chess Open 2018"]
[Site "Elsinore"]
[Date "2018.07.25"]
[Round "6"]
[White "Kristiansen, Elias V."]
[Black "Nielsen, Kai Gylling"]
[Result "0-1"]
[WhiteElo "1163"]
[BlackElo "1813"]
[EventDate "2018.07.21"]
[WhiteFideId "1530003"]
[BlackFideId "1406400"]

1.d4 Nf6 2.c4 e6 3.Nc3 d5 4.Bf4 Bd6 5.Qd2 O-O 6.c5 Bxf4 7.Qxf4 c6 8.e3 b5 
9.b4 a5 10.Rb1 axb4 11.Rxb4 Qa5 12.Rb3 b4 13.Nge2 Ba6 14.Nxd5 Nxd5 15.Qe4 
Bxe2 16.Bxe2 Qxa2 17.Qb1 Nd7 18.Bf3 Rfb8 19.O-O Qxb1 20.Rbxb1 f5 21.Rb2 
N7f6 22.h3 Ra4 23.g4 fxg4 24.hxg4 g5 25.e4 Nf4 26.Rfb1 Ra3 27.Bd1 Nxe4 28.
f3 Nc3 29.Rc1 Nxd1 30.Rxd1 Rxf3 31.Ra1 Rg3+ 32.Kf2 Rg2+ 33.Kf3 Rxb2 34.Ra6
Rc8 35.d5 exd5 36.Ke3 Ne6 37.Rb6 Nxc5 38.Kd4 Nd7 39.Rb7 Nf6 40.Kc5 Nxg4 
41.Kd4 h5 42.Kc5 h4 43.Re7 h3 44.Kd6 h2 45.Kd7 Ra8 46.Kxc6 h1=Q 47.Kb6 d4 
48.Kb5 Qd5+ 49.Kb6 Qd6+ 50.Kb5 Qxe7 51.Kc4 Rd2 52.Kb3 Ra3+ 0-1

[Event "Xtracon Chess Open 2018"]
[Site "Elsinore"]
[Date "2018.07.25"]
[Round "6"]
[White "Andreasen, Jon S."]
[Black "Gabrielsen, Rasmus Arvola"]
[Result "1-0"]
[WhiteElo "1736"]
[BlackElo "1546"]
[EventDate "2018.07.21"]
[WhiteFideId "7201400"]
[BlackFideId "1531190"]

1.b3 e5 2.Bb2 Nc6 3.e3 d5 4.Bb5 Bd6 5.f4 Qe7 6.Nf3 Bg4 7.h3 Bxf3 8.Qxf3 
Nf6 9.fxe5 Bxe5 10.Nc3 O-O 11.O-O-O Ne4 12.Kb1 Qc5 13.Bxc6 Qxc6 14.Nxe4 
dxe4 15.Qf5 Bxb2 16.Kxb2 b5 17.Rhf1 g6 18.Qf6 Qxf6+ 19.Rxf6 Rfe8 20.Rdf1 
Re7 21.g4 a5 22.Rc6 a4 23.Rff6 axb3 24.axb3 b4 25.Rc4 Rb8 26.Rf4 Rd7 27.
Kc1 Rbd8 28.Rf2 c5 29.Rxc5 Ra7 30.Rc4 Rda8 31.Rxb4 Ra1+ 32.Kb2 R8a2+ 33.
Kc3 Rc1 34.d3 exd3 35.Kxd3 Rd1+ 36.Ke4 Rh1 37.Rb8+ Kg7 38.Rb7 Rxh3 39.
Rfxf7+ Kg8 40.Rg7+ Kh8 41.Rgc7 Ra8 42.c4 Kg8 43.Rg7+ Kh8 44.c5 Re8+ 45.
Rge7 Rc8 46.b4 h5 47.gxh5 Rxh5 48.c6 Rh4+ 49.Ke5 Rh6 50.c7 Rh7 51.Rxh7+ 
Kxh7 52.Kd6 Kh6 53.Rb8 Rxc7 54.Kxc7 g5 55.Rg8 Kh5 56.b5 g4 57.b6 Kh4 58.b7
Kh3 59.b8=Q g3 60.Kc6 1-0

[Event "Xtracon Chess Open 2018"]
[Site "Elsinore"]
[Date "2018.07.25"]
[Round "6"]
[White "Nielsen, Peter"]
[Black "Ji, Jiabao Eivind"]
[Result "1-0"]
[WhiteElo "1707"]
[BlackElo "1250"]
[EventDate "2018.07.21"]
[WhiteFideId "1707485"]
[BlackFideId "1540882"]

1.c4 c6 2.d4 e6 3.a3 d5 4.c5 h6 5.Nf3 Nf6 6.e3 Nbd7 7.Bd3 b6 8.b4 Be7 9.
O-O O-O 10.Nbd2 Bb7 11.e4 Ne8 12.e5 Nc7 13.Re1 f6 14.Bb1 fxe5 15.Nxe5 Nxe5
16.dxe5 bxc5 17.Qc2 Rf5 18.g4 Bh4 19.gxf5 Qg5+ 20.Kh1 Qh5 21.Nf1 Rf8 22.f6
Kf7 23.fxg7 Rg8 24.Ng3 Bxg3 25.fxg3 Rxg7 26.Rf1+ Ke7 27.Qf2 Kd7 28.Bb2 1-0

[Event "Xtracon Chess Open 2018"]
[Site "Elsinore"]
[Date "2018.07.25"]
[Round "6"]
[White "Stage-Steffensen, Theo"]
[Black "O`gorman, Brian"]
[Result "1/2-1/2"]
[WhiteElo "1697"]
[BlackElo "1514"]
[EventDate "2018.07.21"]
[WhiteFideId "1455818"]
[BlackFideId "2509601"]

1.e4 c6 2.d4 d5 3.exd5 cxd5 4.Bd3 Nc6 5.c3 Nf6 6.Bf4 e6 7.Nd2 Bd6 8.Bg3 
O-O 9.Qc2 e5 10.dxe5 Nxe5 11.Bxe5 Bxe5 12.Ngf3 Re8 13.O-O Bc7 14.Nd4 a6 
15.Rfe1 Bb6 16.N2f3 Bg4 17.Ne5 Be6 18.Nxe6 Rxe6 19.Rad1 Qd6 20.Nf3 h6 21.
h3 Rc8 22.Rxe6 fxe6 23.Re1 1/2-1/2

[Event "Xtracon Chess Open 2018"]
[Site "Elsinore"]
[Date "2018.07.25"]
[Round "6"]
[White "Tarakanov, Vladislav"]
[Black "Bernstein, Jonas August"]
[Result "0-1"]
[WhiteElo "1380"]
[BlackElo "1661"]
[EventDate "2018.07.21"]
[WhiteFideId "54149010"]
[BlackFideId "1532154"]

1.e4 c6 2.d4 d5 3.e5 Bf5 4.Nf3 e6 5.Be2 Nd7 6.Nbd2 Ne7 7.Nb3 c5 8.c3 Nc6 
9.O-O cxd4 10.cxd4 Nb4 11.a3 Bc2 12.Qd2 Bxb3 13.axb4 Qb6 14.Qe3 Bc4 15.
Bxc4 dxc4 16.Rd1 Bxb4 17.Qg5 O-O 18.Qg3 Rfc8 19.h4 Qc6 20.h5 Qe4 21.Kh2 
Nb6 22.Rh1 Nd5 23.Kg1 Ne7 24.Rh4 Qd3 25.Rg4 Nf5 26.Qf4 Bf8 27.Nh4 c3 28.
bxc3 Rxc3 29.Rg5 Nxh4 0-1

[Event "Xtracon Chess Open 2018"]
[Site "Elsinore"]
[Date "2018.07.25"]
[Round "6"]
[White "Nielsen, Leo Kresten Roland"]
[Black "Gade, Jens"]
[Result "0-1"]
[WhiteElo "1653"]
[BlackElo "1465"]
[EventDate "2018.07.21"]
[WhiteFideId "1426095"]
[BlackFideId "1416111"]

1.e4 c5 2.Bc4 d6 3.c3 Nc6 4.Nf3 e6 5.d4 cxd4 6.cxd4 Bd7 7.d5 Na5 8.dxe6 
fxe6 9.Nbd2 Nxc4 10.Nxc4 Qc7 11.Qe2 Rc8 12.Nfd2 b5 13.Ne3 Nf6 14.O-O Be7 
15.b3 O-O 16.Bb2 Qb7 17.e5 dxe5 18.Bxe5 Rc5 19.Bg3 Ne4 20.Ng4 Nxg3 21.fxg3
Qd5 22.Rxf8+ Bxf8 23.Rf1 Rc2 24.Ne5 Bc5+ 25.Kh1 Rxd2 26.Qh5 Qxg2# 0-1

[Event "Xtracon Chess Open 2018"]
[Site "Elsinore"]
[Date "2018.07.25"]
[Round "6"]
[White "Schouten, Ken Ronny"]
[Black "Fjallheim, Elmar Reinert"]
[Result "0-1"]
[WhiteElo "1309"]
[BlackElo "1635"]
[EventDate "2018.07.21"]
[WhiteFideId "1533010"]
[BlackFideId "7201095"]

1.d4 Nf6 2.Bf4 d6 3.e3 e6 4.Bd3 Nbd7 5.Nf3 Nh5 6.Bg3 Nxg3 7.hxg3 h6 8.c4 
b6 9.Be4 Rb8 10.Qa4 Be7 11.Nc3 a6 12.Bc6 O-O 13.Qc2 Bb7 14.Bxb7 Rxb7 15.
Nh4 Bxh4 16.Rxh4 f5 17.f4 Nf6 18.O-O-O Qe7 19.Re1 d5 20.cxd5 Nxd5 21.Nxd5 
exd5 22.Qc6 Rbb8 23.Qxd5+ Kh7 24.Qc4 Rbd8 25.Qd3 c5 26.Rhh1 Qf7 27.b3 Qf6 
28.g4 Qc6 29.Re2 cxd4+ 30.Rc2 Qe4 31.Qxe4 fxe4 32.Rc4 dxe3 33.Rxe4 Rd2 34.
f5 Rc8+ 35.Rc4 Rxc4+ 36.bxc4 Rxa2 37.Kb1 Rxg2 38.Re1 Rxg4 39.Rxe3 Rxc4 40.
Re6 Rc5 41.Rxb6 Rb5+ 0-1

[Event "Xtracon Chess Open 2018"]
[Site "Elsinore"]
[Date "2018.07.25"]
[Round "6"]
[White "Svane, Freja"]
[Black "Tummasarson, Flovin M."]
[Result "1/2-1/2"]
[WhiteElo "1608"]
[BlackElo "1237"]
[EventDate "2018.07.21"]
[WhiteFideId "12940100"]
[BlackFideId "7202431"]

1.d4 d5 2.c4 e6 3.Nc3 Nf6 4.Bg5 Nbd7 5.cxd5 exd5 6.e3 c6 7.Nf3 Be7 8.Bd3 
O-O 9.O-O b6 10.Rb1 Bb7 11.b4 h6 12.Bh4 a6 13.a4 Ne4 14.Bxe4 dxe4 15.Bxe7 
Qxe7 16.Nd2 f5 17.Qb3+ Kh8 18.Rfc1 Qf7 19.Nc4 Qg6 20.Ne2 Qf6 21.Nf4 Rae8 
22.g3 g5 23.Ne2 h5 24.Kf1 h4 25.b5 cxb5 26.axb5 Re6 27.bxa6 Bxa6 28.Qa4 b5
29.Rxb5 Bxb5 30.Qxb5 Rd8 31.Ra1 Nb6 32.Ra5 Rd5 33.Qb4 Rxa5 34.Nxa5 hxg3 
35.hxg3 Qh6 36.Kg2 Nd7 37.Qc4 1/2-1/2

[Event "Xtracon Chess Open 2018"]
[Site "Elsinore"]
[Date "2018.07.25"]
[Round "6"]
[White "Persson, Lars 1958"]
[Black "Mansoor, Areeb"]
[Result "1-0"]
[WhiteElo "1588"]
[BlackElo "1205"]
[EventDate "2018.07.21"]
[WhiteFideId "1742469"]
[BlackFideId "1535870"]

1.d4 Nf6 2.e3 e6 3.Bd3 d5 4.f4 g6 5.Nf3 b6 6.O-O Bg7 7.Nbd2 O-O 8.Ne5 c5 
9.c3 c4 10.Bc2 Nfd7 11.Nxd7 Bxd7 12.Nf3 Nc6 13.Ne5 f5 14.Bd2 Nxe5 15.fxe5 
b5 16.a4 a6 17.a5 g5 18.g4 Qe8 19.Qf3 Qf7 20.Qg3 Qe8 21.gxf5 exf5 22.Qxg5 
Qg6 23.Qxg6 hxg6 24.Rf3 Rac8 25.Raf1 Rc6 26.Rg3 Bc8 27.Kg2 Bh6 28.h4 Kh8 
29.Bd1 Rg8 30.Kh2 Bf8 31.Rfg1 Rg7 32.Bf3 Be7 33.Bxd5 Rc7 34.Rxg6 Rxg6 35.
Rxg6 Bd7 36.e4 fxe4 37.Bxe4 Be8 38.Rxa6 Kg7 39.Bg5 Bxg5 40.hxg5 Kg8 41.g6 
Rg7 42.Rf6 Ra7 43.a6 Kg7 44.d5 Bd7 45.Rf7+ Kh6 46.e6 Rxa6 47.exd7 Ra2 48.
d8=Q Rxb2+ 49.Kg3 Re2 50.Qh4# 1-0

[Event "Xtracon Chess Open 2018"]
[Site "Elsinore"]
[Date "2018.07.25"]
[Round "6"]
[White "Bratteteig, Tore-Inge"]
[Black "Hinrichs, Kurt"]
[Result "1-0"]
[WhiteElo "1585"]
[BlackElo "1223"]
[EventDate "2018.07.21"]
[WhiteFideId "1510711"]
[BlackFideId "12994057"]

1.Nf3 d5 2.b3 e6 3.Bb2 c6 4.g3 Nd7 5.Bg2 h6 6.O-O Ngf6 7.d3 Be7 8.Nbd2 O-O
9.e4 dxe4 10.dxe4 Re8 11.e5 Nd5 12.a3 a6 13.c4 Nc7 14.Ne4 Rf8 15.Qd4 f5 
16.Nd6 b6 17.b4 c5 18.Qd3 Rb8 19.Rad1 Bxd6 20.Qxd6 Re8 21.Nh4 b5 22.Bc6 
Re7 23.Ng6 Rf7 24.cxb5 axb5 25.bxc5 Kh7 26.Nf4 Qe8 27.Qxc7 1-0

[Event "Xtracon Chess Open 2018"]
[Site "Elsinore"]
[Date "2018.07.25"]
[Round "6"]
[White "Nielsen, Bjorn"]
[Black "Rasmussen, Ole"]
[Result "0-1"]
[WhiteElo "1261"]
[BlackElo "1577"]
[EventDate "2018.07.21"]
[WhiteFideId "1416839"]
[BlackFideId "1417118"]

1.e4 c5 2.Nf3 d6 3.Be2 Nc6 4.Nc3 g6 5.O-O Bg7 6.b3 Nf6 7.Rb1 O-O 8.Bb2 a6 
9.a4 Bd7 10.d3 e6 11.Qc1 Nb4 12.Ba3 Qb6 13.Bxb4 Qxb4 14.Nd1 Qa5 15.Ne3 b5 
16.Qe1 Qc7 17.h3 bxa4 18.b4 cxb4 19.Qxb4 Rfb8 20.Qa3 Nh5 21.Rb4 Nf4 22.
Rxb8+ Rxb8 23.Re1 Bc3 24.Kf1 Bxe1 25.Nxe1 Nxe2 26.Kxe2 Qc5 27.Qa2 Bc6 28.
Nf3 Qb4 29.Nd2 d5 30.e5 Qb2 31.Qxb2 Rxb2 32.Kd1 a3 33.Kc1 Rb5 34.Nb3 a5 
35.Kb1 a4 36.Ka2 axb3+ 37.cxb3 Ra5 38.Nc2 Bb5 39.d4 Bf1 40.g3 Bxh3 41.Nxa3
Kg7 42.b4 Ra8 43.Kb3 Bf1 44.Nc2 Bc4+ 45.Kc3 f6 46.exf6+ Kxf6 47.Ne3 Rc8 
48.f4 h5 49.Kd2 g5 50.fxg5+ Kxg5 51.Kc3 Kf6 52.Kd2 e5 53.dxe5+ Kxe5 54.Ng2
Rg8 55.Nf4 Rxg3 56.Nxh5 Rg5 57.b5 Bxb5 58.Kc2 Rxh5 59.Kd2 d4 0-1

[Event "Xtracon Chess Open 2018"]
[Site "Elsinore"]
[Date "2018.07.25"]
[Round "6"]
[White "Sundin, Sven-Ingvar"]
[Black "Olsen, Lars Peter Levin"]
[Result "1-0"]
[WhiteElo "1567"]
[BlackElo "1106"]
[EventDate "2018.07.21"]
[WhiteFideId "1724517"]
[BlackFideId "1454102"]

1.e4 c5 2.c3 a6 3.d4 cxd4 4.cxd4 Nc6 5.Nf3 e6 6.a3 b5 7.b4 Be7 8.Bb2 Bf6 
9.Bd3 Nge7 10.e5 Bxe5 11.dxe5 Bb7 12.O-O O-O 13.Nbd2 d6 14.Qe2 d5 15.Nb3 
Qc7 16.Nc5 Bc8 17.Rfe1 Rb8 18.Ng5 g6 19.Qf3 Nd8 20.Qh3 h5 21.g4 Kg7 22.
gxh5 Rh8 23.Qf3 Nf5 24.hxg6 Nh6 25.Qf6+ Kg8 26.gxf7+ Ndxf7 27.Qg6+ Kf8 28.
Ngxe6+ Bxe6 29.Nxe6+ Ke7 30.Qf6+ Kd7 31.Nxc7 Rbg8+ 32.Kf1 Kxc7 33.Rac1+ 
Kd7 34.e6+ 1-0

[Event "Xtracon Chess Open 2018"]
[Site "Elsinore"]
[Date "2018.07.25"]
[Round "6"]
[White "Skovgaard, Ib"]
[Black "Schnell, Andrea"]
[Result "1-0"]
[WhiteElo "1934"]
[BlackElo "1270"]
[EventDate "2018.07.21"]
[WhiteFideId "1406760"]
[BlackFideId "16208587"]

1.e4 c6 2.d4 d5 3.Nc3 dxe4 4.Nxe4 Nd7 5.Qe2 Ndf6 6.Nf3 Nxe4 7.Qxe4 Nf6 8.
Qf4 e6 9.Ne5 Qc7 10.a3 Bd6 11.Bd2 Bxe5 12.dxe5 Nd5 13.Qg3 f6 14.c4 Nb6 15.
O-O-O f5 16.Be2 g6 17.h4 Nd7 18.h5 Qxe5 19.Qxe5 Nxe5 20.Bc3 Nf7 21.hxg6 
hxg6 22.Bxh8 Nxh8 23.Rxh8+ 1-0

[Event "Xtracon Chess Open 2018"]
[Site "Elsinore"]
[Date "2018.07.25"]
[Round "6"]
[White "Johansen, Paul Ivar"]
[Black "Damm, Henrik"]
[Result "0-1"]
[WhiteElo "1244"]
[BlackElo "1567"]
[EventDate "2018.07.21"]
[WhiteFideId "1508024"]
[BlackFideId "1425013"]

1.Nf3 c5 2.c4 Nc6 3.Nc3 g6 4.e3 Bg7 5.d4 cxd4 6.exd4 Nf6 7.d5 Nb4 8.Bg5 
O-O 9.Bxf6 Bxf6 10.Be2 d6 11.O-O Bf5 12.Nd4 Bxd4 13.Qxd4 Nc2 14.Qd2 Nxa1 
15.Rxa1 a6 16.Bf3 Qa5 17.a3 Rac8 18.Qg5 Qd8 19.b3 b5 20.Qf4 Rc7 21.Ne2 
bxc4 22.bxc4 Qc8 23.Rc1 Bd3 24.h4 Rxc4 25.Rxc4 Qxc4 26.Qh6 Bxe2 27.Bxe2 
Qxe2 28.Qg5 Qe5 29.Qh6 Rc8 30.g4 Rc2 31.h5 Qe1+ 32.Kh2 Qxf2+ 0-1